Digital systems : (Record no. 193650)

000 -LEADER
fixed length control field 01080 a2200193 4500
003 - CONTROL NUMBER IDENTIFIER
control field Nust
005 - DATE AND TIME OF LATEST TRANSACTION
control field 20170207154103.0
020 ## - INTERNATIONAL STANDARD BOOK NUMBER
International Standard Book Number 81-203-23149(case-)
040 ## - CATALOGING SOURCE
Transcribing agency Nust
082 ## - DEWEY DECIMAL CLASSIFICATION NUMBER
Classification number 621.381
100 ## - MAIN ENTRY--PERSONAL NAME
Personal name Tocci, Ronald J.
245 ## - TITLE STATEMENT
Title Digital systems :
Remainder of title principles and applications /
Statement of responsibility, etc. Ronald J. Tocci, Neal S. Widmer.
250 ## - EDITION STATEMENT
Edition statement 8th ed
260 ## - PUBLICATION, DISTRIBUTION, ETC.
Place of publication, distribution, etc. Upper Saddle River, N.J. :
Name of publisher, distributor, etc. Prentice Hall,
Date of publication, distribution, etc. c2001
300 ## - PHYSICAL DESCRIPTION
Extent xxiv,881p;
505 ## - FORMATTED CONTENTS NOTE
Formatted contents note Introductory to Concepts (Page-2) Number Systems and Cods (Page-24) Logic Gates and Boolean Algebra (Page-56) Combinational Logic Circuits (Page-112) Flip Flops and Related Devices (Page-180) Digital Arithmetic :Operations and Circuits (Page-262) Counters and Register (Page-318) Integrated Circuits Logic Families (Page-414) MSI Logic Circuits (Page-510) Interfacing with the Analog World (Page-602) Memory Devices (Page-670) Application of a Programmable Logic Devices (Page-772) Introduction to the Microprocessor and Microcomputers (Page-804)
538 ## - SYSTEM DETAILS NOTE
System details note Almirah No.24 and Shelf No.6
650 ## - SUBJECT ADDED ENTRY--TOPICAL TERM
Topical term or geographic name entry element Telecommunication Engineering.
942 ## - ADDED ENTRY ELEMENTS (KOHA)
Koha item type Reference
Holdings
Withdrawn status Lost status Source of classification or shelving scheme Damaged status Not for loan Collection code Permanent Location Current Location Date acquired Total Checkouts Full call number Barcode Date last seen Price effective from Koha item type
            Military College of Signals (MCS) Military College of Signals (MCS) 12/12/2016   621.381 TOC MCS31175 12/08/2016 12/12/2016 Book
© 2023 Central Library, National University of Sciences and Technology. All Rights Reserved.